000 00661nam a22002417a 4500
003 UA-OsUOA
001 124996
007 ta
008 20170831b un ||||| |||| 00| 0 ukr d
100 _aПироженко С.
090 _a821.161.2
_bП33
942 _cBK
040 _aUA-OsUOA
_bukr
_cUA-OsUOA
_dUA-OsUOA
245 _aВід Марка Твена до Марка Клейнермана
300 _a68 с.
955 _a3
041 _aukr
080 _a821.161.2
020 _a978-966-2276-60-2
260 _aЛуцьк
_bТерен
_c2012
650 7 _a82 Література. Літературознавство
_2UDC
999 _c412195
_d412195